000 00366 a2200157 4500
001 72178
020 _a
040 _cAnchieta - Colégio São Paulo
100 _aRodriguez, Fernado Alvarez
240 1 0 _aA viagem de branquinha
_lpor
245 1 0 _aA viagem de branquinha
300 _a14
362 0 _a1994
650 4 _aLiteratura infanto-juvenil
942 _cBK
999 _c72178
_d72178